000 00425nam a2200145Ia 4500
003 GCL
008 140319s9999 xx 000 0 ara d
040 _aGCL /
_cGCL
082 0 4 _aط
_b910.92
_bس ك
100 1 _aسامى البجيرمى
245 1 0 _aكريستوفر كولمبس /
_cسامى البجيرمى
490 _aالرحالة العرب والاجانب
_v0
650 0 4 _aالمكتشفون
942 _2ddc
_cBK
999 _c44595
_d44595